Dvě fantazie op. 32 = Zwei Fantasien = Two fantasies /

Hlavní autor: Kabeláč, Miloslav, 1908-1979
Další autoři: Hora, Jan, 1936-
Jazyk: Nelze použít, není lingvistický obsah
Vydáno: Praha : Bärenreiter, 2017
Vydání: 1. vydání
Edice: Kabeláč, Miloslav, 1908-1979. Souborné kritické vydání
Témata:
Fyzický popis: 1 partitura (27 stran) ; 24 x 31 cm
Hudebniny Hudebniny
Uloženo v:
LEADER 02595ncm a2200697 i 4500
001 nkc20182977616
003 CZ PrNK
005 20180424100550.0
007 qu
008 180201t20172017xr ftl g nn zxx
015 |a cnb002977616 
024 2 |a 979-0-2601-0776-2  |q (brožováno) 
028 2 1 |a H 8028  |b Bärenreiter 
040 |a OLA001  |b cze  |d ABA001  |e rda 
041 0 |g cze  |g eng  |g ger 
043 |a e-xr--- 
045 |a x-x- 
048 |a kb01 
072 7 |a 786  |x Hudba pro klávesové nástroje  |2 Konspekt  |9 9 
080 |a 780.8:780.649  |2 MRF 
080 |a 78.083.3  |2 MRF 
080 |a 78.089.6  |2 MRF 
080 |a (0.027)  |2 MRF 
100 1 |a Kabeláč, Miloslav,  |d 1908-1979  |7 jz8000496  |4 cmp 
240 1 0 |a Fantazie,  |m varhany,  |n op. 32  |7 aun2012711428 
245 1 0 |a Dvě fantazie op. 32 =  |b Zwei Fantasien = Two fantasies /  |c Miloslav Kabeláč ; editor Jan Hora = herausgegeber Jan Hora = editor Jan Hora 
246 3 |a 2 fantazie 
246 3 |a 2 Fantasien 
246 3 |a 2 fantasies 
246 3 1 |a Zwei Fantasien 
246 3 1 |a Two fantasies 
250 |a 1. vydání 
264 1 |a Praha :  |b Bärenreiter,  |c 2017 
264 4 |c ©2017 
300 |a 1 partitura (27 stran) ;  |c 24 x 31 cm 
336 |a zápis hudby  |b ntm  |2 rdacontent 
337 |a bez média  |b n  |2 rdamedia 
338 |a svazek  |b nc  |2 rdacarrier 
382 0 1 |a varhany  |n 1  |s 1 
490 1 |a Souborné kritické vydání. Řada V ;  |v svazek 12 =  |a Kritische Gesamtausgabe. Reihe V ;  |v Band 12 =  |a Complete critical edition. Series V ;  |v volume 12 
648 7 |a 20. století  |7 ch460558  |2 czenas 
648 4 |a 1957 
648 4 |a 1958 
650 0 7 |a hudba pro varhany  |7 ph120888  |z Česko  |y 20. století  |2 czenas 
650 0 7 |a fantazie (hudba)  |7 ph321713  |2 czenas 
650 0 9 |a organ music  |z Czechia  |y 20th century  |2 eczenas 
650 0 9 |a fantasy (music)  |2 eczenas 
655 7 |a fantazie (hudba)  |7 fd980122  |2 czenas 
655 7 |a partitury pro sólový nástroj  |7 fd201979  |2 czenas 
655 7 |a kritická vydání  |7 fd249727  |2 czenas 
655 9 |a fantasy (music)  |2 eczenas 
655 9 |a scores for solo instrument  |2 eczenas 
655 9 |a critical issues  |2 eczenas 
700 1 |a Hora, Jan,  |d 1936-  |7 jn19990009843  |4 edt 
800 1 |a Kabeláč, Miloslav,  |d 1908-1979.  |t Souborné kritické vydání  |0 s 
910 2 |a BOA001  |b Mus4-1400.688 
990 |a MU 
995 |a 01 
991 |b 201804  |c NOV 
996 6 |b 2610739470  |c Mus4-1400.688  |l MZK  |r Sklad / do 1 hodiny  |n 0  |p p.v.  |w 001658125  |u 000010  |a 1  |e BOA001  |j MZK50  |s P 
996 7 |b 2610741334  |c Mus4-1400.688  |l MZK  |r Sklad / do 1 hodiny  |n 0  |p kup  |w 001658125  |u 000020  |a 1  |e BOA001  |j MZK50  |s A